| 000 | 00856cam a2200229 a 4500 | ||
|---|---|---|---|
| 001 | 000001881 | ||
| 005 | 20200929145737.0 | ||
| 008 | 990203s1997 sp a b 001 0 spa | ||
| 020 | _a8478203540 | ||
| 040 |
_aDO-SdBNP _bspa _cBNPHU |
||
| 082 |
_a002 _bP371p |
||
| 100 | 1 |
_aPedraza Gracia, Manuel José, _d1959- _96145 |
|
| 245 | 1 | 3 |
_aLa producción y distribución del libro en Zaragoza, 1501-1521 / _cManuel José Pedraza Gracia. |
| 260 |
_aZaragoza : _bInstitución Fernando el Católico, _c1997. |
||
| 300 |
_a314 p. : _bil. ; _c21 cm. |
||
| 440 | 0 |
_aPublicación número 1828 de la Institución "Fernando el Católico" _96146 |
|
| 504 | _aIncluye referencias bibliográficas (p. 301-312). | ||
| 650 | 4 |
_aLibros _xProducción _96147 |
|
| 650 | 4 |
_aLibros _zZaragoza _xHistoria _96148 |
|
| 650 | 4 |
_aImprenta _zZaragoza _xHistoria _96149 |
|
| 910 | _aEn proceso | ||
| 999 |
_c1757 _d1757 |
||